000 00637nam a22002417a 4500
003 UA-OsUOA
001 30435
007 ta
008 20041110b un ||||| |||| 00| 0 ukr d
100 _aОснович-Мельник В.К.
090 _a82.-94(477)
_bО-75
942 _cBK
040 _aUA-OsUOA
_bukr
_cUA-OsUOA
_dUA-OsUOA
245 _aМій шлях до світла й волі. Спогади-свідчення
300 _a124 с.
_bІлюстрації
955 _a0
041 _aukr
080 _a82.-94(477)
260 _aРівне
_bЛіста
_c2001
044 _aUA
650 7 _2UDC
999 _c316847
_d316847